000 01320nam a2200265Ia 4500
005 20210727153218.0
008 141031s9999 ck 000 0 spad
020 _a9788433977250
100 1 _aCapote, Truman,
_d1924-1984
245 1 0 _aCuentos completos
_cTruman Capote; traducido por José Manuel Álvarez Flórez...[y otros]
250 _a1a edicón
300 _a332 páginas
_c23 cm.
505 _aLas paredes están frías -- Un visón propio -- La forma de las cosas -- La botella de plata -- Miriam -- Mi versión del asunto -- La leyenda de Preacher -- Un árbol de noche -- El halcón decapitado -- Cierra la última puerta -- Niños en sus cumpleaños -- Profesor miseria -- La ganga -- Una guitarra de diamantes -- Una casa de flores -- Un recuerdo navideño -- En la antesala del paraíso -- El invitado del día de Acción de Gracias -- Mojave -- Una navidad
650 1 4 _2LEMB
_aCuentos estadounidenses
_ySiglo XX
650 1 4 _2LEMB
_aAutores estadounidenses
650 1 4 _2LEMB
_aLiteratura estadounidense
700 1 _aÁlvarez Flórez, José Manuel
_etraductor
942 _2loc
_cBKLIT
264 _aBarcelona
_bAnagrama
_c2013
336 _atexto
_btxt
_2rdacontent
337 _asin mediación
_bn
_2rdamedia
338 _avolumen
_bnc
_2rdacarrier
040 _aCO-BoRNBP
_bspa
_erda
_cCO-BoRNBP
084 _aC CAP1
999 _c4239
_d4239